| 000 | 00551nam a22001577a 4500 | ||
|---|---|---|---|
| 008 | 151215b xxu||||| |||| 00| 0 eng d | ||
| 020 | _a9780195374636 | ||
| 050 | _aHC79.P6C634 2007 | ||
| 100 |
_aCollier, Paul _921331 |
||
| 245 |
_aThe bottom billion _bwhy the poorest countries are failing and what can be done about it _c/ by Paul Collier |
||
| 260 |
_aNew York _bOxford University Press _c2007 |
||
| 300 | _axiii, 209p. | ||
| 650 |
_aPoor _xDeveloping countries _921332 |
||
| 650 |
_aPoverty _xDeveloping countries _921333 |
||
| 942 |
_2lcc _cMONOGRAPH |
||
| 999 |
_c123884 _d123884 |
||